1510 1841 1043 1080 1232 1259 1788 1624 1369 1288 1107 1648 1777 1973 1018 1157 1932 1275 1891 1213 1577 1684 1005 1402 1653 1653 1827 1142 1403 1806 1906 1950 1962 1812 1581 1977 1496 1521 1969 1878 1614 1381 1832 1045 1638 1656 1815 1380 1830 1629 1216 1568 1266 1215 1012 1855 1623 1068 1759 1690 1965 1942 1950 1555 1514 1190 1788 1443 1847 1288 1750 1487 1378 1828 1668 1535 1863 1411 1798 1592 1148 1041 1539 1991 1141 1245 1421 1264 1287 1937 1609 1587 1949 1283 1963 1058 1657 1047 1584 BCNSPRNW ULIB Ver.6.0+V

เปลี่ยนเป็นภาษาไทย

Change to English
 แสดงรายละเอียดบรรณานุกรม
  กลับหน้าหลัก

Brief Record : Get Marc (ISO 2709) : E-mail record : QR code < ปิดหน้าต่าง
LEADER : 00000nam 2200000uu 4500
001    13399120757
003     ULIB
008    121015s2552||||th 000 0 tha d
020    ^a9786115020102
090    ^aนว.^bก385พ
100 0  ^aกัณธิชา
245 00 ^aพิศวาสเกมร้าย/^cกัณธิชา
250    ^aพิมพ์ครั้งที่ 2
260    ^aกรุงเทพฯ :^bเยสโล่การพิมพ์,^c2552
300    ^a408หน้า
710 1  ^aเยสโล่การพิมพ์
945    ^p250^l0^i026774
995    ^aวิภา
999 ^a ใช้งานได้ทุกระบบ
รายการนี้ยังไม่มีแท็ก
คุณยังไม่ได้ล็อกอิน คุณสามารถมีกิจกรรมร่วมกับเว็บไซต์ได้ แต่ต้องล็อกอินก่อน ::
  ล็อกอิน

รายการสื่อสารสนเทศ

ลำดับที่ ประเภท เลขเรียก/บาร์โค้ด สถานที่ สถานะ
1. วิทยาศาสตร์การแพทย์ และสุขภาพ
วิทยาศาสตร์การแพทย์ และสุขภาพ
นว. ก385พ  
  Barcode: 026774
ห้องสมุดวิทยาเขตสวรรค์ประชารักษ์
►นวนิยาย
บนชั้น
  ขอยืม

BibComment


ยังไม่เคยถูกคอมเมนท์

คอมเมนท์ทรัพยากรรายการนี้
  คอมเมนท์: พิศวาสเกมร้าย กั..


 Copyright 2026. Bcnsprnw @Library